PLOSKÁČIK PAGAŠTANOVÝ (CAMERARIA OHRIDELLA) - PRÍČINNÝ ŠKODCA USÝCHANIA A ODUMIERANIA PAGAŠTANA KONSKÉHO

Bibliographic Details
Main Authors: Janitor, Anton, 1937- (Author), Pastirčáková, Katarína (Author), Weismann, Ľudovít, 1926-2011 (Author), Štrba, M. (Author), Majzlan, Oto, 1950- (Author), Prokop, P. (Author)
Format: Article
Language:Slovak
ISBN:8022407453

MARC

LEADER 00000naa a2200000uu 4500
001 vtls011060876
003 SK-MaSNL
005 20260302134809.0
008 210906|2002 xo |||||||||||||||||slo|
015 |a SNBRA 
035 |a (urnnbn)urn:nbn:sk:snk:ar-a0c2jf 
035 |a (uuid)15613e40-0966-4b43-b5ce-ee942419cb3d 
035 |a urn:nbn:sk:snk-aav92c 
040 |a SNKBUCL  |b slo  |c SNKBUCL  |e AACR2 
041 0 |a slo 
044 |a xo  |c SK 
100 1 |a Janitor, Anton,  |d 1937-  |4 aut 
245 1 0 |a PLOSKÁČIK PAGAŠTANOVÝ (CAMERARIA OHRIDELLA) - PRÍČINNÝ ŠKODCA USÝCHANIA A ODUMIERANIA PAGAŠTANA KONSKÉHO  |c Anton Janitor, K. Pastirčáková, Ľ. Weismann, M. Štrba, O. Majzlan, P. Prokop 
700 1 |a Pastirčáková, Katarína  |4 aut  |9 26692 
700 1 |a Weismann, Ľudovít,  |d 1926-2011  |4 aut  |9 98415 
700 1 |a Štrba, M.  |4 aut  |9 778837 
700 1 |a Majzlan, Oto,  |d 1950-  |4 aut  |9 15247 
700 1 |a Prokop, P.  |4 aut  |9 718634 
773 0 |t Zborník z konferencie k 50. výročiu založenia Ústavu experimentálnej fytopatológie a entomológie SAV "Ochrana rastlín v III. miléniu"  |d Bratislava : VEDA ; Ivanka pri Dunaji : Ústav experimentálnej fytopatológie a entomológie SAV, 2002  |g S. 137-138  |z 8022407453 
958 |a OND 
958 |a article12 
958 |a chapter 
999 |c 1324021  |d 1325951